00000000nam##2200000za#4500
0019.590990
003CaOODSP
00520250403104946
007cr |||||||||||
008150406|2001||||xxc|||||o    f|0| 0 fre|d
020 |a0-662-86392-5
022 |a1205-9161
040 |aCaOODSP|bfre
043 |an-cn---
0861 |aCS11-0019/178F-IN
24503|aLe rendement scolaire des enfants d'immigrants au Canada, 1994-98 / |h[ressource électronique]|cpar Christopher Worswick.
260 |aOttawa - Ontario : |bStatistique Canada |cLe 14 novembre 2001.
300 |a36p.|bgraphiques, références, tableaux
4901 |aDocuments de recherche - Direction des études analytiques|x1205-9161|vN° 178
5203 |a« Le rendement scolaire des enfants d'immigrants dans le réseau d'enseignement du Canada est analysé à l'aide des données des trois premiers cycles de l'Enquête longitudinale nationale sur les enfants et les jeunes. Le rendement scolaire est mesuré sous l'angle des capacités de lecture et de rédaction, des aptitudes en mathématiques et des aptitudes globales »--Résumé
590 |a12-37-Supp|b2012-09-24
7102 |aStatistique Canada.
7201 |aWorswick, Christopher
77508|tSchool performance of the children of immigrants in Canada, 1994-98 / |w(CaOODSP)9.557994
7760#|tLe rendement scolaire des enfants d'immigrants au Canada, 1994-98 / |w(CaOODSP)9.625832
830#0|aDocuments de recherche (Statistique Canada. Direction des études analytiques)|x1205-9161|vN° 178|w(CaOODSP)9.500842
85640|ahttp://publications.gc.ca|qPDF|s308 Ko|uhttps://publications.gc.ca/collections/Collection/CS11-0019-178F.pdf|yN° 178